000 00270nam a2200133Ia 4500
100 _aRazmakhnin/M
942 _cBK
654 _aRadar
245 _aRadar Made Easy
260 _bMir Publishers
_aMoscow
_c1973
082 _a621.3
300 _a134
546 _aENGLISH
999 _c22750
_d22750